000 00358nam a2200133Ia 4500
008 240624s9999 xx 000 0 und d
041 _aeng
082 _a658.8 WOO
100 _aWUTICH AMBER RYAN GERY W
245 _aDEEP KNOWLEDGE OF B2B RELATIONSHIPS WITH
260 _c2013
_aUnited Kingdom
_bEmerald
300 _axiv, 375 p.; 23 cm.
365 _cBPS
_b38
999 _c30502
_d30502